Effective leadership & management in nursing / (Record no. 1337)

MARC details
000 -LEADER
fixed length control field 00918pam a22003014a 4500
005 - DATE AND TIME OF LATEST TRANSACTION
control field 20260322212056.0
008 - FIXED-LENGTH DATA ELEMENTS--GENERAL INFORMATION
fixed length control field data
010 ## - LIBRARY OF CONGRESS CONTROL NUMBER
LC control number 2004041537
020 ## - INTERNATIONAL STANDARD BOOK NUMBER
International Standard Book Number 9780131780941 (pbk.)
020 ## - INTERNATIONAL STANDARD BOOK NUMBER
International Standard Book Number 0131780948 (pbk.)
040 ## - CATALOGING SOURCE
Original cataloging agency DNLM
Transcribing agency DNLM
041 09 - LANGUAGE CODE
Language code of text/sound track or separate title eng
042 ## - AUTHENTICATION CODE
Authentication code pcc
044 ## - COUNTRY OF PUBLISHING/PRODUCING ENTITY CODE
-- United States
060 10 - NATIONAL LIBRARY OF MEDICINE CALL NUMBER
Classification number WY 105
Item number S949ea 2005
001 - CONTROL NUMBER
control field data
100 1# - MAIN ENTRY--PERSONAL NAME
Personal name Sullivan, Eleanor J.,
Dates associated with a name 1938-
245 10 - TITLE STATEMENT
Title Effective leadership & management in nursing /
Statement of responsibility, etc. Eleanor J. Sullivan & Phillip J. Decker.
246 30 - VARYING FORM OF TITLE
Title proper/short title Effective leadership and management in nursing
250 ## - EDITION STATEMENT
Edition statement 6th ed.
260 ## - PUBLICATION, DISTRIBUTION, ETC.
Place of publication, distribution, etc. Upper Saddle River, N.J. :
Name of publisher, distributor, etc. Pearson/Prentice Hall,
Date of publication, distribution, etc. c2005.
300 ## - PHYSICAL DESCRIPTION
Extent xx, 344 p. :
Other physical details ill.
504 ## - BIBLIOGRAPHY, ETC. NOTE
Bibliography, etc. note Includes bibliographical references and index.
650 12 - SUBJECT ADDED ENTRY--TOPICAL TERM
Topical term or geographic name entry element Nurse Administrators
650 22 - SUBJECT ADDED ENTRY--TOPICAL TERM
Topical term or geographic name entry element Nursing Care
General subdivision organization & administration
650 22 - SUBJECT ADDED ENTRY--TOPICAL TERM
Topical term or geographic name entry element Leadership
700 1# - ADDED ENTRY--PERSONAL NAME
Personal name Decker, Phillip J.
Holdings
Withdrawn status Lost status Damaged status Not for loan Home library Current library Shelving location Date acquired Total checkouts Full call number Barcode Date last seen Price effective from Koha item type
        Franklin Franklin General stacks 22/03/2026   GEN BC0011380 22/03/2026 22/03/2026 Books